Statistiques concernant La Belgique de A à Z

Cliquez ici pour prendre le quiz!

Statistiques générales

  • Ce quiz a été pris 379 fois
  • Le résultat moyen est 15 sur 26

Statistiques - réponses

HintRéponse% Correct
La capitaleBruxelles
100%
Le plus grand port maritimeAnvers
92%
Appelletion de l'équipe nationale de footballDiables Rouges
85%
Auteur célèbre créateur de TintinHergé
77%
Mer qui borde le paysNord
75%
Bataille célèbre en 1815 opposant français et anglaisWaterloo
75%
Chaine de restauratuion rapide céée en Belgique en 1971Quick
74%
Frère d'Angèle et chanteur égalementRoméo Elvis
74%
Plus gran fleuveMeuse
73%
Premier Roi des BelgesLéoplold de Saxe Cobourg Gotha
71%
A la date du 4 octobre 1830Indépendance
69%
Instrument de musique inventé en 1846 par un dénommé AdolpheSaxophone
66%
Discipline dans laquelle Justine Henin et Kim Clijsters se sont distinguéesTennis
65%
Plus gande ville du littoral BelgeOstende
64%
Acteur de film d'action qui a fait carrière aux Etats-unis connu pour "Bloodsport", "Universal Soldier"Van Damme
61%
Bière aromatisée à la ceriseKriek
58%
Capitale de la communauté germanophoneEupen
51%
Confiserie en forme de côneCuberdon
47%
Nom du championnat Belge de footballJupiler Pro League
47%
Acteur connu pour ses rôles dans "Le boulet" et "Podium"Poelvoorde
40%
localité de l'Institut Royale Météorologique de BelgiqueUccle
34%
Front de la première guerre mondiale qui débuta en octobre 1914 jusqu'à l'offensive alliers en 1918Yser
29%
Premier Belge dans l'espaceFrimout
17%
Circuit tristement célèbre pour le décès du pilote de F1 Gilles Villeneuve en 1982Zolder
10%
L'entarteurGodin
5%
Co-créateur de "Téléchat" avec Roland ToporXhonneux
2%

Distribution des résultats

Percentile par nombre de réponses

% des personnes avec chaque résultat

Votre développement - résultats

Vous n’avez pas pris ce quiz